000 00876nam a2200253Ia 4500
003 OSt
005 20220923224545.0
006 a|||||r|||| 00| 0
007 ta
008 220922b |||||||| |||| 00| 0 hin d
020 _c150
024 _a241,964
037 _b516, 08/03/2010, Vani Prakashan
_cTextual
040 _aARTS
_cARTS
_bhin
041 _2hin
_ahin
082 _aO152:g(Y:351), M6
100 _aचंद्रबली सिंह
245 0 _aलोकदृष्टि और हिंदी साहित्य
246 _aLokadṛuṣhṭi aur hiandī sāhitya
260 _aदिल्ली
_b पीपुल्स लिटरेसी
_c1986
300 _a155पृ.
_ccm.
942 _hO152:g(Y:351), M6
_cTEXL
_2CC
999 _c372188
_d372188